000 00316nam a2200133Ia 4500
005 20260328101525.0
008 260328s9999||||xx |||||||||||||| ||und||
100 _aGentleman, David
245 0 _aLondon /
_cDavid Gentleman
260 _bAntique Collectors
300 _a192 p.
650 _aDIBUJO LIBRE
942 _cBK
999 _c9740
_d9740